00908nam a2200253 a 4500001001300000003000900013005001700022008004100039020002300080082001900103100001800122245003300140260003900173300000900212500003500221505003400256505007700290650002000367902000800387942000700395952011600402952011900518999001700637nice12345678IN_TiNIC20260116013226.0050524s1997 dela grp 000 0 eng  a8120814673 c55000a294.59218bDEU aDeussen, Paul aSixtey Upanisads of the Veda aDelhi bMotilal Banarsidass c1997 a544p aincludes index and biblioraphy2 aBibliography, Glossary, Index2 aBibliography, Glossary, Index00gV1.tSixtey Upanisads of the Veda.--gV aVedas-Upanisads bSRS cBK 00104070aHMIbHMId2019-08-06g550.00l2o294.59218 DEU V.1p018759r2019-09-13s2019-08-06w2026-01-16yBK 00104070aHMIbHMId2019-08-06g550.00l2m1o294.59218 DEU V.2p018760r2019-12-10s2019-11-20w2026-01-16yBK c10187d10187